000 00312nam a2200133 i 4500
001 bg
100 1 _aLITTL, L.
245 0 _aInfrakrasnye spektry adsorbirovannych molekul /
_cL. Littl.
260 _aMoskva,
_c1969.
040 _cBPK
041 _apol
942 _cKS
008 s pl f |000 0 pol
999 _c8713
_d8713
856 _uhttp://koha.tu.koszalin.pl/cgi-bin/koha/opac-detail.pl?biblionumber=8713
_yKatalog online BPK